000 00901nam a2200217Ia 4500
003 OSt
005 20241101111250.0
007 ca aa aaaaa
008 201103s9999 xx 000 0 und d
040 _cSSBUL
041 _abur
082 _223
_a၂၉၄.၃၄၄၃၅ စ
_b၉၂၆၃(၁) S-SAT
100 0 _aစလင်းကန်လယ်ဆရာတော်။
_917397
245 1 0 _aစက္ခုအလင်း-သံခိပ်ကျဉ်း /
_cစလင်းကန်လယ်ဆရာတော်။
250 _aဒုတိယအကြိမ်။
260 _aရန်ကုန် ၊
_bစိုးမိုးမိတ်ဆက်ပုံနှိပ်တိုက်၊
_c၁၉၇၉။
300 _a၅၁ စာမျက်နှာ ၊
_c၁၈ စင်တီ။
500 _aS-SAT: Dr. Sai Aung Tun
650 _aဝိပဿနာ
942 _2ddc
_cBK1
999 _c16813
_d16813